World of Warcraft - Klassen und Spezialisierungen - Statistiken

Allgemein
  • Dieses Quiz wurde 221 mal gespielt
  • Das Durchschnittsergebnis liegt bei 33 aus 47
Antwortstatistiken
Antwort % Korrekt
Krieger
99%
Magier
99%
Jäger
96%
Paladin
96%
Priester
95%
Druide
94%
Schurke
94%
Hexenmeister
93%
Schamane
92%
Feuer
90%
Frost
88%
Heilig
88%
Todesritter
88%
Arkan
87%
Dämonenjäger
83%
Schutz
83%
Schatten
82%
Mönch
81%
Waffen
81%
Blut
80%
Furor
75%
Dämonologie
72%
Elementar
72%
Disziplin
70%
Tierherrschaft
70%
Treffsicherheit
70%
Unheilig
70%
Vergeltung
70%
Überleben
68%
Zerstörung
68%
Gebrechen
66%
Meucheln
63%
Wiederherstellung
61%
Verstärkung
60%
Gleichgewicht
59%
Braumeister
58%
Wildheit
57%
Rufer
52%
Täuschung
46%
Gesetzlosigkeit
41%
Windläufer
41%
Wächter
38%
Nebelwirker
37%
Rachsucht
35%
Verwüstung
28%
Verheerung
16%
Bewahrung
13%
Keine übereinstimmenden Quizze gefunden
Verteilung der Resultate
Anzahl Personen mit jedem Resultat
Perzentil nach korrekt beantworteten Fragen
Ihre Resultats-Entwicklung
Sie haben dieses Quiz noch nicht gespielt